000 nam a22 a 4500
999 _c180933
_d180933
003 BLK
005 20220330093252.0
008 180411b bul|||||r ||||||| ||bul||
010 _aKNG00189823000
040 _aBLK
041 _aBUL
_cBUL
080 _aБългарски език
_b811.163.2
_x-321.1
_z811.163.2-321.1
100 1 _aАндрейчин, Любомир Димитров
_eпърви автор
_9363445
139 _aБългарски тълковен речник
_bБ 92
245 1 0 _aБългарски тълковен речник
_cЛюбомир Димитров Андрейчин.
250 _a2. изд.
257 _aBGR
260 _bНаука и изкуство
_c1963
_aСофия
300 _a1022 с.
_c25 см
380 _a80
650 4 _aРечници, български
_9245984
650 4 _aРечници, тълковни
_9274685
653 _aбългарски език
653 _aОвча купел
852 _aЦб 28896
_bЦб
856 4 _qpdf
856 4 _qpdf
942 _cKNG
_n0
_s1
944 _aCR
_c18.08.2016
_kТеодора_Стоянова
944 _aED
_c18.08.2016
_kТеодора_Стоянова
999 _d180933